000
00240 a2200097 4500
001
76706
090
_c
39225
_d
39225
100
_a
Rice, M A
245
_a
Communications & Information system for Battlefield Command
260
_b
Brassey's
942
_a
NUST-CAE
_k
355.33041RIC
999
_c
311779
_d
311779